000 01167nam a2200253 4500
001 K121099
005 20251124115749.0
008 190816b2019 ||||| |||| 00| 0 eng d
020 _a9781783213665
041 _aeng
110 _aRoyal Institution of Chartered Surveyors
245 _aRICS Valuation Global Standards 2017
_bAustralia National Supplement
_h(archived)
260 _aLondon,
_bRICS,
_c2019
490 _aRICS Professional Statement
490 _aRICS Red Book
500 _asuperseded by 2025 supplement ISBN 9781783215546
520 _aThe Australia national supplement augments the Global Red Book for valuations valuations that are subject to Australian jurisdiction. Part 1. Introduction, part 2 valuation standards part 3 specific standards - VPGAs which apply in Australia. Effective from August 2019.
650 _aRed Book
650 _aGlobal Valuation Standards 2017
651 _aAustralia
690 _96273
_aValuation
856 _uhttps://www.isurv.com/downloads/download/2261/rics_valuation_%E2%80%93_global_standards_2017_australia_national_supplement
_zArchived on isurv (subscription required)
942 _n0
999 _c121099
_d121099